1754 1034 1471 1753 1505 1656 1284 1162 1751 1159 1260 1671 1514 1737 1348 1169 1283 1749 1824 1185 1804 1838 1511 1605 1719 1684 1515 1424 1552 1575 1921 1001 1947 1959 1252 1098 1986 1143 1937 1760 1513 1634 1798 1056 1220 1248 1374 1344 1000 1090 1447 1309 1125 1930 1201 1717 1131 1742 1410 1278 1428 1771 1777 1123 1418 1030 1402 1297 1793 1589 1916 1709 1657 1977 1248 1698 1781 1479 1584 1336 1816 1866 1707 1746 1389 1494 1642 1352 1653 1366 1584 1578 1531 1923 1659 1116 1625 1694 1145 BCNSPRNW ULIB Ver.6.0+V

เปลี่ยนเป็นภาษาไทย

Change to English
 แสดงรายละเอียดบรรณานุกรม
  กลับหน้าหลัก

Brief Record : Get Marc (ISO 2709) : E-mail record : QR code < ปิดหน้าต่าง
LEADER : 00000nam 2200000uu 4500
001    13399114032
003     ULIB
008    120124s||||||||th 000 0 tha d
020    ^a97897499628
090    ^aนว.^bป12ฝ
100 0  ^aPark...
245 00 ฝากรักไว้ที่ปลายฟ้า 2 = Starirway to heaven/^cPark...
260    ^aกรุงเทพฯ :^bแจ่มใส,^c2547
300    ^a263 หน้า
710 1  ^aแจ่มใส
945    ^p0^l0^i018801
995    ^aเกษร
999    ^aใช้งานได้ทุกระบบ
รายการนี้ยังไม่มีแท็ก
คุณยังไม่ได้ล็อกอิน คุณสามารถมีกิจกรรมร่วมกับเว็บไซต์ได้ แต่ต้องล็อกอินก่อน ::
  ล็อกอิน

รายการสื่อสารสนเทศ

ลำดับที่ ประเภท เลขเรียก/บาร์โค้ด สถานที่ สถานะ
1. นวนิยาย
นวนิยาย
นว. ป12ฝ ฉ.1 
  Barcode: 018801
ห้องสมุดวิทยาเขตสวรรค์ประชารักษ์
►นวนิยาย
บนชั้น
  ขอยืม

BibComment


ยังไม่เคยถูกคอมเมนท์

คอมเมนท์ทรัพยากรรายการนี้
  คอมเมนท์: ฝากรักไว้ที่ปลายฟ..


 Copyright 2026. Bcnsprnw @Library